00265nam a2200121Ia 45000030006000000080041000060400015000471000019000622450015000812600018000965460012001140050017001260STCL150530s9999 xx 000 0 und d aSTCLcSTCL aBela Kornitzer aEisenhower bS.Chandc1960 aEnglish20220125171412.0